|
|
|
|
| LEADER |
00000nam a2200000 a 4500 |
| 001 |
vtls001334355 |
| 003 |
SK-MaSNL |
| 005 |
20260301235753.0 |
| 008 |
240314s1972 rm 0 rum |
| 035 |
|
|
|a SNK000287300
|
| 040 |
|
|
|a SNK
|b slo
|c SNK
|e AACR2
|
| 044 |
|
|
|a rm
|c RO
|
| 100 |
1 |
|
|a Blaga, Lucian,
|d 1895-1961
|4 aut
|9 183386
|
| 245 |
1 |
0 |
|a Isvoade
|b eseuri, conferinţe, articole
|c Lucian Blaga
|
| 260 |
|
|
|a Bucureşti
|b Editura Minerva
|c 1972
|
| 300 |
|
|
|a 245 s.
|c 8°
|
| 958 |
|
|
|a OND
|
| 999 |
|
|
|c 976540
|d 978470
|
| 952 |
|
|
|t P60, <04>, [BOOK], {604}
|a SNK
|b SNK
|y VYP
|7 0
|o snkIC 57264
|i snkV 1203/74
|0 0
|1 0
|4 0
|d 1998-06-15
|l 0
|r 2005-01-02 00:00:00
|w 2026-02-24
|